La vie / (Record no. 166432)

MARC details
000 -LEADER
campo de control de longitud fija 00780nam a22002295i 4500
001 - NÚMERO DE CONTROL
campo de control 166432
003 - IDENTIFICADOR DE NÚMERO DE CONTROL
campo de control ES-MaACL
005 - FECHA Y HORA DE LA ÚLTIMA TRANSACCIÓN
campo de control 20240126063023.0
008 - DATOS DE LONGITUD FIJA--INFORMACIÓN GENERAL
campo de control de longitud fija 050915s1888 fr | |||||||| ||fre d
040 ## - FUENTE DE CATALOGACIÓN
Centro catalogador/agencia de origen CAM
Lengua de catalogación spa
Centro/agencia transcriptor CAM
100 1# - ENTRADA PRINCIPAL--NOMBRE DE PERSONA
Nombre de persona Tolstói, Lev,
Fechas asociadas al nombre 1828-1910
9 (RLIN) 110489
245 13 - MENCIÓN DEL TÍTULO
Título La vie /
Mención de responsabilidad, etc. Comte N. Tolstoï; traduit du russe par Elizabeth Jardetzky.
250 ## - MENCION DE EDICION
Mención de edición [2e éd.].
260 ## - PUBLICACIÓN, DISTRIBUCIÓN, ETC.
Lugar de publicación, distribución, etc. Paris :
Nombre del editor, distribuidor, etc. Albert Savine éditeur,
Fecha de publicación, distribución, etc. 1888 (
Fabricante Typ. A.-M. Beaudelot)
300 ## - DESCRIPCIÓN FÍSICA
Extensión 323 p. ;
Dimensiones 18 cm.
490 1# - MENCIÓN DE SERIE
Mención de serie Romans étrangers modernes
595 ## -
-- La mención de ed. consta en la cub. original.
830 0# - PUNTO DE ACCESO ADICIONAL DE SERIE-TÍTULO UNIFORME
Título uniforme Romans étrangers modernes
9 (RLIN) 188620
852 ## - LOCALIZACIÓN
Ubicación ES-MaACL
Número de control de estantería F-9746
Nota libre -- Enc. hol. conservando la cub. original
Holdings
Estatus retirado Estado de pérdida Estado de daño No para préstamo Colección Biblioteca de origen Biblioteca actual Ubicación en estantería Fecha de adquisición Fuente de adquisición Total de préstamos Signatura topográfica completa Código de barras Visto por última vez Precio de reemplazo Tipo de ítem Koha
        Libros del s. XIX Biblioteca del Ateneo de Madrid Biblioteca del Ateneo de Madrid Sala Pecera Planta 2 17/01/2008     F-9746 1174553 23/02/2023 23/02/2023 Libro impreso antiguo